State Capital Ending Trio Pairs Quiz Stats

Quiz Updated Apr 27, 2016

Challenge
Share
Tweet
Embed
Score 0/8 Timer 01:30
3 Plays Today
Hint Answer % Correct
VERDenver
78.9%
LISAnnapolis
74.3%
VERDover
73.5%
ORDConcord
73.2%
LISIndianapolis
68.2%
SONJackson
65.5%
ORDHartford
54.9%
SONMadison
53.2%

You're not logged in!

Compare scores with friends on all Sporcle quizzes.
Sign Up with Email
OR
Log In

You Might Also Like...

Show Comments

Extras

Top Quizzes Today


Score Distribution

Your Account Isn't Verified!

In order to create a playlist on Sporcle, you need to verify the email address you used during registration. Go to your Sporcle Settings to finish the process.